000 01519nam a2200313 a 4500
001 BRCA_5111
005 20190320204938.0
008 191110s1861----mx-######v---#000-0#spa-#
041 _aspa
044 _amx
084 _aDOC110
_b.A48
_c1861
100 1 _aAltamirano, Ignacio Manuel
_cZarco
_d1834-1893
_913036
245 1 0 _aDocumento firmado por Don [Ignacio Manuel Altamirano] dirigido a Don Eduardo de Goroztiza
_c[Ignacio Manuel Altamirano] ; Eduardo de Goroztiza.
260 _aMéxico
_c1861
300 _a[1] foja
_c33 x 22 cm.
500 _aDocumento firmado el 7 de abril de 1861.
500 _aDocumento en el cual Zarco [Manuel Altamirano] escribe a Goroztiza. Comunicándole que por sus meritos se le nombra jefe de la Sección de América con un sueldo anual de
_2,400.
500 _aAl margen inscripción que dice: ´SECRETARIA DE ESTADO Y DEL DESPACHO DE RELACIONES EXTERIORES DE GOBERNACION´.
500 _aDocumento firmado bajo el seudónimo de ´Zarco´.
500 _aEl documento contiene la leyenda DOC. #274.
506 0 _aFondo Reservado. Para su consulta es necesario credencial de usuario y carta de motivos.
546 _aTexto en: español de mediados del siglo XIX.
600 1 4 _aAltamirano, Ignacio Manuel
_cZarco
_d1834-1839
_xHistoria
_913037
650 1 4 _aDocumentos legales
_vManuscritos
_xHistoria
_912814
651 4 _aMéxico
_xHistoria
_yConstitución y reforma, 1855-1863
_913038
700 1 _aGoroztiza, Eduardo de
_d1815-?
_913039
902 _aFDH
942 _2lcc
_cD
999 _c4805
_d4805